LE BOTERF, G. (2004). Travailler en réseau : partager et capitaliser les pratiques professionnelles. Paris : Éditions d’Organisation (notice n° 1595039)
[ vue normale ]
| 000 -LEADER | |
|---|---|
| fixed length control field | 00540cam a2200145 4500500 |
| 005 - DATE AND TIME OF LATEST TRANSACTION | |
| control field | 20251228073327.0 |
| 041 ## - LANGUAGE CODE | |
| Language code of text/sound track or separate title | fre |
| 042 ## - AUTHENTICATION CODE | |
| Authentication code | dc |
| 100 10 - MAIN ENTRY--PERSONAL NAME | |
| Personal name | Lévy, Gérard |
| Relator term | author |
| 245 00 - TITLE STATEMENT | |
| Title | LE BOTERF, G. (2004). Travailler en réseau : partager et capitaliser les pratiques professionnelles. Paris : Éditions d’Organisation |
| 260 ## - PUBLICATION, DISTRIBUTION, ETC. | |
| Date of publication, distribution, etc. | 2005.<br/> |
| 500 ## - GENERAL NOTE | |
| General note | 1 |
| 786 0# - DATA SOURCE ENTRY | |
| Note | Savoirs | 8 | 2 | 2005-06-01 | p. 125b-132b | 1763-4229 |
| 856 41 - ELECTRONIC LOCATION AND ACCESS | |
| Uniform Resource Identifier | <a href="https://shs.cairn.info/revue-savoirs-2005-2-page-125b?lang=fr&redirect-ssocas=7080">https://shs.cairn.info/revue-savoirs-2005-2-page-125b?lang=fr&redirect-ssocas=7080</a> |
Pas d'exemplaire disponible.




Réseaux sociaux